<?xml version="1.0" encoding="UTF-8"?>
<record
    xmlns:xsi="http://www.w3.org/2001/XMLSchema-instance"
    xsi:schemaLocation="http://www.loc.gov/MARC21/slim http://www.loc.gov/standards/marcxml/schema/MARC21slim.xsd"
    xmlns="http://www.loc.gov/MARC21/slim">

  <leader>00672nam a22002057a 4500</leader>
  <controlfield tag="005">20260518120357.0</controlfield>
  <controlfield tag="008">260518b        |||||||| |||| 00| 0 eng d</controlfield>
  <datafield tag="020" ind1=" " ind2=" ">
    <subfield code="a">9783031784194</subfield>
  </datafield>
  <datafield tag="040" ind1=" " ind2=" ">
    <subfield code="a">MAIN</subfield>
  </datafield>
  <datafield tag="041" ind1=" " ind2=" ">
    <subfield code="a">English</subfield>
  </datafield>
  <datafield tag="082" ind1=" " ind2=" ">
    <subfield code="a">363.7285 </subfield>
    <subfield code="b">SOL</subfield>
  </datafield>
  <datafield tag="100" ind1=" " ind2=" ">
    <subfield code="a">Pandey, Ashutosh (ed)</subfield>
    <subfield code="9">26845</subfield>
  </datafield>
  <datafield tag="245" ind1=" " ind2=" ">
    <subfield code="a">Solid Waste Management </subfield>
    <subfield code="b">: A Roadmap for Sustainable Environmental Practices and Circular Economy </subfield>
  </datafield>
  <datafield tag="260" ind1=" " ind2=" ">
    <subfield code="a">Switzerland </subfield>
    <subfield code="b">Springer </subfield>
    <subfield code="c">2025</subfield>
  </datafield>
  <datafield tag="300" ind1=" " ind2=" ">
    <subfield code="a">452</subfield>
  </datafield>
  <datafield tag="650" ind1=" " ind2=" ">
    <subfield code="a">Management ( Donated By Professor  Suthar, Surendra Singh )</subfield>
    <subfield code="9">26842</subfield>
  </datafield>
  <datafield tag="700" ind1=" " ind2=" ">
    <subfield code="a">Suthar, Surendra Singh (ed)</subfield>
    <subfield code="9">26843</subfield>
  </datafield>
  <datafield tag="700" ind1=" " ind2=" ">
    <subfield code="a">Amesho, Kassain  T.T. (ed)</subfield>
    <subfield code="9">26844</subfield>
  </datafield>
  <datafield tag="942" ind1=" " ind2=" ">
    <subfield code="c">BK</subfield>
  </datafield>
  <datafield tag="999" ind1=" " ind2=" ">
    <subfield code="c">60825</subfield>
    <subfield code="d">60825</subfield>
  </datafield>
  <datafield tag="952" ind1=" " ind2=" ">
    <subfield code="0">0</subfield>
    <subfield code="1">0</subfield>
    <subfield code="2">ddc</subfield>
    <subfield code="4">0</subfield>
    <subfield code="6">363_728500000000000_SOL</subfield>
    <subfield code="7">0</subfield>
    <subfield code="9">94016</subfield>
    <subfield code="a">MAIN</subfield>
    <subfield code="b">MAIN</subfield>
    <subfield code="d">2026-05-18</subfield>
    <subfield code="l">0</subfield>
    <subfield code="o">363.7285  SOL</subfield>
    <subfield code="p">G3522</subfield>
    <subfield code="r">2026-05-18</subfield>
    <subfield code="w">2026-05-18</subfield>
    <subfield code="y">BK</subfield>
  </datafield>
</record>
